<?xml version="1.0" encoding="UTF-8"?>
<record
    xmlns:xsi="http://www.w3.org/2001/XMLSchema-instance"
    xsi:schemaLocation="http://www.loc.gov/MARC21/slim http://www.loc.gov/standards/marcxml/schema/MARC21slim.xsd"
    xmlns="http://www.loc.gov/MARC21/slim">

  <leader>00619nam a2200205Ia 4500</leader>
  <controlfield tag="003">3228</controlfield>
  <controlfield tag="005">20240821135346.0</controlfield>
  <controlfield tag="008">220713s9999    xx            000 0 und d</controlfield>
  <datafield tag="020" ind1=" " ind2=" ">
    <subfield code="a">9780750687379</subfield>
    <subfield code="q">pbk</subfield>
    <subfield code="c">Book</subfield>
  </datafield>
  <datafield tag="040" ind1=" " ind2=" ">
    <subfield code="c">3228</subfield>
  </datafield>
  <datafield tag="082" ind1=" " ind2=" ">
    <subfield code="a">ST 621.3 ROBE</subfield>
  </datafield>
  <datafield tag="100" ind1=" " ind2=" ">
    <subfield code="a">Robertson, Christopher</subfield>
    <subfield code="e">Author</subfield>
    <subfield code="9">188230</subfield>
  </datafield>
  <datafield tag="245" ind1=" " ind2="0">
    <subfield code="a">Fundamental: Electrical and Electronic Principles</subfield>
    <subfield code="c">Robertson, Christopher</subfield>
  </datafield>
  <datafield tag="250" ind1=" " ind2=" ">
    <subfield code="a">3rd edition</subfield>
  </datafield>
  <datafield tag="260" ind1=" " ind2=" ">
    <subfield code="a">USA</subfield>
    <subfield code="b">Elsevier LTD</subfield>
    <subfield code="c">2008</subfield>
  </datafield>
  <datafield tag="300" ind1=" " ind2=" ">
    <subfield code="a">xi, 291pages</subfield>
    <subfield code="b">Color illustration</subfield>
    <subfield code="c">26.5cm x 19.5 cm</subfield>
  </datafield>
  <datafield tag="500" ind1=" " ind2=" ">
    <subfield code="a">Include index</subfield>
  </datafield>
  <datafield tag="942" ind1=" " ind2=" ">
    <subfield code="2">ddc</subfield>
    <subfield code="c">BOOK</subfield>
    <subfield code="k">621.3</subfield>
    <subfield code="m">ROBE</subfield>
    <subfield code="y">209</subfield>
    <subfield code="z">Sizakele Vilanculo</subfield>
  </datafield>
  <datafield tag="942" ind1=" " ind2=" ">
    <subfield code="c">BK</subfield>
    <subfield code="2">ddc</subfield>
  </datafield>
  <datafield tag="999" ind1=" " ind2=" ">
    <subfield code="c">50527</subfield>
    <subfield code="d">50526</subfield>
  </datafield>
  <datafield tag="952" ind1=" " ind2=" ">
    <subfield code="0">0</subfield>
    <subfield code="1">0</subfield>
    <subfield code="4">0</subfield>
    <subfield code="7">0</subfield>
    <subfield code="a">RIVEL</subfield>
    <subfield code="b">RIVEL</subfield>
    <subfield code="d">2021-08-04</subfield>
    <subfield code="g">250.00</subfield>
    <subfield code="l">0</subfield>
    <subfield code="p">3007010001891</subfield>
    <subfield code="r">2021-08-04</subfield>
    <subfield code="w">2021-08-04</subfield>
    <subfield code="y">BK </subfield>
  </datafield>
  <datafield tag="952" ind1=" " ind2=" ">
    <subfield code="0">0</subfield>
    <subfield code="1">0</subfield>
    <subfield code="4">0</subfield>
    <subfield code="7">0</subfield>
    <subfield code="a">THUSL</subfield>
    <subfield code="b">THUSL</subfield>
    <subfield code="d">2021-08-17</subfield>
    <subfield code="g">213.00</subfield>
    <subfield code="l">0</subfield>
    <subfield code="p">3322810054108</subfield>
    <subfield code="r">2021-08-17</subfield>
    <subfield code="w">2021-08-17</subfield>
    <subfield code="y">BK</subfield>
  </datafield>
  <datafield tag="952" ind1=" " ind2=" ">
    <subfield code="0">0</subfield>
    <subfield code="1">0</subfield>
    <subfield code="4">0</subfield>
    <subfield code="7">0</subfield>
    <subfield code="a">THUSL</subfield>
    <subfield code="b">THUSL</subfield>
    <subfield code="d">2021-08-17</subfield>
    <subfield code="g">213.00</subfield>
    <subfield code="l">0</subfield>
    <subfield code="p">3322810054107</subfield>
    <subfield code="r">2021-08-17</subfield>
    <subfield code="w">2021-08-17</subfield>
    <subfield code="y">BK</subfield>
  </datafield>
  <datafield tag="952" ind1=" " ind2=" ">
    <subfield code="0">0</subfield>
    <subfield code="1">0</subfield>
    <subfield code="4">0</subfield>
    <subfield code="7">0</subfield>
    <subfield code="a">THUSL</subfield>
    <subfield code="b">THUSL</subfield>
    <subfield code="d">2021-08-17</subfield>
    <subfield code="g">213.00</subfield>
    <subfield code="l">0</subfield>
    <subfield code="p">3322810053924</subfield>
    <subfield code="r">2021-08-17</subfield>
    <subfield code="w">2021-08-17</subfield>
    <subfield code="y">BK</subfield>
  </datafield>
  <datafield tag="952" ind1=" " ind2=" ">
    <subfield code="0">0</subfield>
    <subfield code="1">0</subfield>
    <subfield code="4">0</subfield>
    <subfield code="7">0</subfield>
    <subfield code="a">THUSL</subfield>
    <subfield code="b">THUSL</subfield>
    <subfield code="d">2021-08-17</subfield>
    <subfield code="g">154.00</subfield>
    <subfield code="l">0</subfield>
    <subfield code="p">3322810053985</subfield>
    <subfield code="r">2021-08-17</subfield>
    <subfield code="w">2021-08-17</subfield>
    <subfield code="y">BK</subfield>
  </datafield>
  <datafield tag="952" ind1=" " ind2=" ">
    <subfield code="0">0</subfield>
    <subfield code="1">0</subfield>
    <subfield code="2">ddc</subfield>
    <subfield code="4">0</subfield>
    <subfield code="7">0</subfield>
    <subfield code="8">600</subfield>
    <subfield code="a">KAMHL</subfield>
    <subfield code="b">KAMHL</subfield>
    <subfield code="c">Non_Fiction</subfield>
    <subfield code="d">2024-08-21</subfield>
    <subfield code="o">ST 621.3 ROBE</subfield>
    <subfield code="p">3322803179351</subfield>
    <subfield code="r">2024-08-21</subfield>
    <subfield code="w">2024-08-21</subfield>
    <subfield code="y">BOOK | BK</subfield>
  </datafield>
</record>
